Romancero gitano (1924-1927)

Shranjeno v:
Bibliografske podrobnosti
Glavni avtor: García Lorca, Federico
Format: Knjiga
Jezik:Undetermined
Izdano: Buenos Aires, Argentina Losada 1948
Izdaja:3
Teme:
Oznake: Označite
Brez oznak, prvi označite!

MARC

LEADER 00000nam a2200000Ia 4500
008 170316s9999 xx 000 0 und d
040 |a cru BVZT 
090 |a 862 G-13r 
100 |a García Lorca, Federico 
245 |a Romancero gitano (1924-1927) 
250 |a 3 
260 |a Buenos Aires, Argentina 
260 |b Losada 
260 |c 1948 
300 |a 123 páginas 
650 |a LITERATURA ESPAÑOLA 
650 |a ROMANCERO 
999 |c 9884  |d 9884 
942 |c 15 D  |h 862 G-13r  |2 z